Teoría de la postmodernidad / (Record no. 12953)

MARC details
000 -LEADER
campo de control de longitud fija 00830nam a2200253 i 4500
001 - NÚMERO DE CONTROL
campo de control 12953
003 - IDENTIFICADOR DE NÚMERO DE CONTROL
campo de control ES-MaACL
005 - FECHA Y HORA DE LA ÚLTIMA TRANSACCIÓN
campo de control 20250829050155.0
007 - CAMPO FIJO DE DESCRIPCIÓN FÍSICA--INFORMACIÓN GENERAL
campo de control de longitud fija t|
008 - DATOS DE LONGITUD FIJA--INFORMACIÓN GENERAL
campo de control de longitud fija 961023s1996 sp ||||0| spa d
020 ## - NÚMERO INTERNACIONAL ESTÁNDAR DEL LIBRO
Número Internacional Estándar del Libro 84-8164-115-4
080 ## - NÚMERO DE LA CLASIFICACIÓN DECIMAL UNIVERSAL
Número de la Clasificación Decimal Universal 130.2
100 1# - ENTRADA PRINCIPAL--NOMBRE DE PERSONA
Nombre de persona Jameson, Fredric.
9 (RLIN) 65981
245 10 - MENCIÓN DEL TÍTULO
Título Teoría de la postmodernidad /
Mención de responsabilidad, etc. Fredric Jameson ; traducción de Celia Montolío Nicholson y Ramón del Castillo.
260 ## - PUBLICACIÓN, DISTRIBUCIÓN, ETC.
Lugar de publicación, distribución, etc. Madrid :
Nombre del editor, distribuidor, etc. Trotta,
Fecha de publicación, distribución, etc. [1996]
300 ## - DESCRIPCIÓN FÍSICA
Extensión 340 p. ;
Dimensiones 23 cm.
490 1# - MENCIÓN DE SERIE
Mención de serie Estructuras y procesos. Serie filosofía
650 #7 - PUNTO DE ACCESO ADICIONAL DE MATERIA--TÉRMINO DE MATERIA
Término de materia o nombre geográfico como elemento de entrada Postmodernismo
Fuente del encabezamiento o término embne
9 (RLIN) 16329
700 1# - ENTRADA AGREGADA--NOMBRE PERSONAL
Nombre de persona Montolío Nicholson, Celia.
9 (RLIN) 82677
700 1# - ENTRADA AGREGADA--NOMBRE PERSONAL
Nombre de persona Castillo, Ramón del.
9 (RLIN) 36718
830 10 - PUNTO DE ACCESO ADICIONAL DE SERIE-TÍTULO UNIFORME
Título uniforme Estructuras y procesos.
Nombre de parte o sección de la obra Filosofía
9 (RLIN) 183056
852 4# - LOCALIZACIÓN
Ubicación ES-MaACL
Número de control de estantería L-20286
Holdings
Estatus retirado Estado de pérdida Estado de daño No para préstamo Biblioteca de origen Biblioteca actual Ubicación en estantería Fecha de adquisición Fuente de adquisición Total de préstamos Signatura topográfica completa Código de barras Visto por última vez Precio de reemplazo Tipo de ítem Koha
        Biblioteca del Ateneo de Madrid Biblioteca del Ateneo de Madrid Depósito 2 17/01/2008     L-20286 1013192 23/02/2023 23/02/2023 Libro impreso